[Event "AUTO-INT-49"]
[Site "http://www.queenalice.com/game.php?id=33672"]
[Date "2005.10.18"]
[Round "1"]
[White "ronisj"]
[Black "D_COI"]
[Result "0-1"]
[WhiteElo "1414"]
[BlackElo "1221"]

1. e3 d6 2. Qf3 e5 3. Bc4 Qh4 4. b3 e4 5. g3 Qf6 6. Nc3 Bf5 7. Qf4 g5 8. Nd5
Qxa1 9. Nxc7+ Kd8 10. Nxa8 Qxc1+ 11. Ke2 gxf4 12. exf4 Nf6 13. h3 d5 14. g4 Nxg4
15. hxg4 Bxg4+ 16. Ke3 Bc5# 0-1

[Event "AUTO-INT-49"]
[Site "http://www.queenalice.com/game.php?id=33673"]
[Date "2005.10.18"]
[Round "1"]
[White "D_COI"]
[Black "ronisj"]
[Result "0-1"]
[WhiteElo "1212"]
[BlackElo "1411"]

1. d4 d5 2. c3 c6 3. f3 e6 4. Nh3 h6 5. Nd2 f5 6. Nf4 Ne7 7. b4 g5 8. Nxe6 Bxe6
9. h3 g4 10. f4 Bg7 11. a4 b5 12. a5 a6 13. h4 h5 14. Nb3 Nd7 15. g3 Ng8 16. Nc5
Nxc5 17. dxc5 Bxc3+ 18. Bd2 Bxa1 19. Qxa1 Nf6 20. Bc3 O-O 21. Bg2 Rc8 22. e3 Qe7
23. O-O Ne4 24. Bb2 Nxg3 25. Rd1 Rcd8 26. Kh2 Ne4 27. Be5 Nf6 28. Bf1 Nd7 29.
Rd3 Nxe5 30. Rd2 Nf3+ 31. Kg2 Nxd2 32. Be2 Nc4 33. Bd3 Nxe3+ 34. Kf2 Bd7 35. Qe1
d4 36. Qa1 Bc8 37. Qb1 Qxh4+ 0-1

[Event "AUTO-INT-49"]
[Site "http://www.queenalice.com/game.php?id=33678"]
[Date "2005.10.18"]
[Round "1"]
[White "p3dr0"]
[Black "D_COI"]
[Result "0-1"]
[WhiteElo "1323"]
[BlackElo "1194"]

1. e4 e5 2. Nf3 d6 3. Ng5 Qxg5 4. d4 Qd8 5. dxe5 dxe5 6. Qf3 Be6 7. Nc3 Bb4 8.
a3 Bxc3+ 9. bxc3 Nd7 10. Rb1 Nc5 11. Rb5 b6 12. Be3 Nf6 13. Bxc5 Bg4 14. Qe3
Qd1# 0-1

[Event "AUTO-INT-49"]
[Site "http://www.queenalice.com/game.php?id=33679"]
[Date "2005.10.18"]
[Round "1"]
[White "D_COI"]
[Black "p3dr0"]
[Result "1-0"]
[WhiteElo "1250"]
[BlackElo "1187"]

1. e4 e5 2. Qh5 d6 3. Bc4 g6 4. Qf3 f5 5. exf5 gxf5 6. Qd5 Nh6 7. d3 c6 8. Qf3
d5 9. Bb3 e4 10. Qh5+ Nf7 11. Be3 Nd7 12. Nh3 Nf6 13. Qh4 exd3 14. cxd3 Ne5 15.
Ng5 Nxd3+ 16. Kd2 Nxb2 17. Bf4 Ne4+ 18. Ke3 Qb6+ 19. Kf3 Bg7 20. Nxh7 Nd3 21.
Be3 1-0

[Event "Challenge"]
[Site "http://www.queenalice.com/game.php?id=35279"]
[Date "2005.10.27"]
[Round "-"]
[White "Reddaz"]
[Black "D_COI"]
[Result "1-0"]
[WhiteElo "1470"]
[BlackElo "1218"]

1. e4 e5 2. Qh5 Be7 3. Qxe5 d6 4. Qxg7 Bf6 5. Qg3 Bh4 6. Qf3 Nf6 7. h3 Nc6 8.
Na3 Nd4 9. Qf4 Nh5 10. Qe3 Qf6 11. Nb5 Ne6 12. d4 Bd7 13. d5 Kd8 14. dxe6 fxe6
15. Nf3 Rg8 16. g3 Bg5 17. Nxg5 Rxg5 18. Qxg5 Ke7 19. Qxh5 a6 20. Bg5 Be8 21.
Bxf6+ Kxf6 22. Qf3+ Ke7 23. Nxc7 Rc8 24. Nxe8 Rxe8 25. O-O-O a5 26. Qd3 Rd8 27.
Bg2 1-0

[Event "Challenge"]
[Site "http://www.queenalice.com/game.php?id=36703"]
[Date "2005.11.6"]
[Round "-"]
[White "D_COI"]
[Black "Pawngal"]
[Result "0-1"]
[WhiteElo "1228"]
[BlackElo "1217"]

1. a3 e5 2. e4 Nf6 3. d3 g6 4. c4 Bg7 5. b4 O-O 6. b5 d6 7. Nh3 Nbd7 8. d4 exd4
9. Nf4 Nxe4 10. f3 Nc3 11. Qc2 Nxb1 12. Qxb1 d3 13. Nxd3 Nf6 14. Be2 Bf5 15. O-O
a6 16. g4 Be6 17. h3 axb5 18. cxb5 c6 19. f4 Bc4 20. Bf3 Bxb5 21. g5 Nd5 22. Nb4
Bxf1 23. Kxf1 Nxb4 24. h4 Nd5 25. Qxb7 Bxa1 26. Qxc6 Ne7 27. Qb5 Bd4 28. Qb3 Rb8
29. Qa4 Rb1 30. Qc2 Ra1 31. Qd2 Bc5 32. f5 Nxf5 33. Bg4 Nxh4 34. Bd1 Bxa3 35.
Qc3 Rxc1 0-1

[Event "Let's Play Chess!"]
[Site "http://www.queenalice.com/game.php?id=36715"]
[Date "2005.11.7"]
[Round "-"]
[White "AndyKo"]
[Black "D_COI"]
[Result "1-0"]
[WhiteElo "1472"]
[BlackElo "1204"]

1. e4 c5 2. e5 e6 3. c4 Nc6 4. f4 d5 5. Nc3 Nh6 6. g4 d4 7. Na4 b6 8. Bg2 Qh4+
9. Kf1 Nxg4 10. Qf3 f6 11. Bh3 Bd7 12. Qxg4 Qh6 13. d3 fxe5 14. fxe5 g5 15. Bxg5
Qg7 16. Bf6 Qf7 17. Nf3 Rg8 18. Qf4 Nb4 19. Ng5 Qg6 20. Nxe6 Nxd3 21. Nc7+ Kf7
22. Qg5 Bxh3+ 23. Ke2 Bg4+ 24. Kf1 h6 25. Qxg6+ Kxg6 26. Nxa8 Bf3 27. Rg1+ Kf7
28. Rg3 1-0

[Event "must be reached before 24 games"]
[Site "http://www.queenalice.com/game.php?id=36835"]
[Date "2005.11.7"]
[Round "-"]
[White "Reddaz"]
[Black "D_COI"]
[Result "1-0"]
[WhiteElo "1527"]
[BlackElo "1227"]

1. e4 e5 2. Qh5 g6 3. Qxe5+ Be7 4. Qxh8 Bf6 5. Qxg8+ Ke7 6. Qxh7 Qh8 7. Qh3 d6
8. Qb3 Be6 9. Qxb7 Nd7 10. Qxc7 Rc8 11. Qxa7 Rxc2 12. Ne2 Qh5 13. Nbc3 Bc4 14.
Qa4 Nb6 15. Qxc2 Bh4 16. Nd5+ Kf8 17. Nxb6 Qf5 18. exf5 1-0

[Event "Challenge"]
[Site "http://www.queenalice.com/game.php?id=37211"]
[Date "2005.11.9"]
[Round "-"]
[White "D_COI"]
[Black "Reddaz"]
[Result "0-1"]
[WhiteElo "1252"]
[BlackElo "1604"]

1. d4 c5 2. c3 Nf6 3. e3 d5 4. Bb5+ Bd7 5. Ba4 b5 6. Bc2 c4 7. b4 Nc6 8. a3 e6
9. Nf3 Bd6 10. Ne5 Nxe5 11. dxe5 Bxe5 12. O-O Ne4 13. Bb2 Qh4 14. Re1 Qxh2+ 15.
Kf1 Qh1+ 16. Ke2 Qxg2 17. Rf1 Ng3+ 18. Kd2 Nxf1+ 19. Ke2 Ng3+ 20. Kd2 Qxf2+ 21.
Kc1 Ne2+ 22. Kd2 Nxc3+ 23. Kc1 Nxd1 24. Bxe5 Qxe3+ 0-1

[Event "Challenge"]
[Site "http://www.queenalice.com/game.php?id=37224"]
[Date "2005.11.9"]
[Round "-"]
[White "philb"]
[Black "D_COI"]
[Result "1-0"]
[WhiteElo "1060"]
[BlackElo "1253"]

1. Nf3 f6 2. Nc3 e5 3. d4 exd4 4. Nxd4 c5 5. Nf3 b6 6. h4 h5 7. e4 Nc6 8. Bf4 d6
9. Nb5 Qd7 10. Bxd6 Qf7 11. Nc7+ Kd7 12. Nxa8 Bxd6 13. a4 Ne5 14. a5 Nc4 15. Ra2
Nxa5 16. Bb5+ Kd8 17. O-O Nb7 18. Rxa7 Bg4 19. Bc6 Bc8 20. Nxb6 Ne7 21. Bxb7 Kc7
22. Nxc8 Nxc8 23. Bxc8+ Kxc8 24. Rxf7 g5 25. Qxd6 gxh4 26. Rc7+ 1-0

[Event "Challenge"]
[Site "http://www.queenalice.com/game.php?id=37225"]
[Date "2005.11.9"]
[Round "-"]
[White "D_COI"]
[Black "PaulB42"]
[Result "0-1"]
[WhiteElo "1242"]
[BlackElo "1463"]

1. a4 Nc6 2. e4 Nf6 3. Bd3 e5 4. Nc3 Bc5 5. Nd5 O-O 6. Nf3 Ng4 7. Qe2 Nxf2 8.
Rf1 Ng4 9. h4 d6 10. Ng5 Nd4 11. Rf5 Nxe2 12. Bxe2 c6 13. Bxg4 h6 14. d3 cxd5
15. Nf3 g6 16. d4 exd4 17. Rxd5 Bxg4 18. e5 Re8 19. Rxd6 Qa5+ 20. Bd2 Qc7 21.
Bc3 f6 22. Rxf6 Bh5 23. O-O-O dxc3 24. e6 Be3+ 25. Kb1 cxb2 26. Rd3 Bc1 27. Nd4
Qa5 28. Ra3 Qe5 29. Rd3 Qxf6 30. g3 Rac8 31. c3 Qf1 0-1

[Event "Challenge"]
[Site "http://www.queenalice.com/game.php?id=38232"]
[Date "2005.11.16"]
[Round "-"]
[White "Reddaz"]
[Black "D_COI"]
[Result "1-0"]
[WhiteElo "1606"]
[BlackElo "1266"]

1. e4 e5 2. Qh5 g6 3. Qxe5+ Ne7 4. Qxh8 d5 5. Nc3 c6 6. d4 dxe4 7. Nxe4 Nf5 8.
Nf3 Qe7 9. Bd3 Qb4+ 10. c3 Qe7 11. O-O Nd7 12. Re1 f6 13. Nc5 Nxc5 14. Rxe7+
Kxe7 15. Qxh7+ Kd8 16. dxc5 Ne7 17. Qh8 Ke8 18. Bh6 Be6 19. Qxf8+ 1-0

[Event "Challenge"]
[Site "http://www.queenalice.com/game.php?id=38498"]
[Date "2005.11.18"]
[Round "-"]
[White "Croftsy"]
[Black "D_COI"]
[Result "1-0"]
[WhiteElo "1303"]
[BlackElo "1244"]

1. e4 e5 2. g3 Qf6 3. Bg2 Bc5 4. Nf3 d6 5. O-O Qh6 6. d3 Qe6 7. Ng5 Qe7 8. c4
Nc6 9. Nc3 f6 10. Nd5 Qd8 11. Qh5+ g6 12. Qf3 Nd4 13. Qd1 fxg5 14. b4 Bb6 15.
Qa4+ Bd7 16. Qd1 c6 17. Nc3 Nf6 18. Bxg5 Bg4 19. f3 Ne6+ 20. c5 dxc5 21. h4
cxb4+ 22. d4 Nxd4 23. Ne2 a5 24. fxg4 h6 25. Bxf6 Qc8 26. Bxh8 Nxe2+ 27. Kh2 Nd4
28. Bxe5 c5 29. Qa4+ Nc6 30. Bg7 Qxg4 31. Rf4 Qd7 32. Bxh6 c4 33. Rf8+ Ke7 34.
Rxa8 Qd4 35. Bf8+ Kf7 36. Rd1 Qb2 37. Rd7+ Ke6 38. Rxb7 1-0

[Event "Challenge!"]
[Site "http://www.queenalice.com/game.php?id=39306"]
[Date "2005.11.23"]
[Round "-"]
[White "D_COI"]
[Black "vindaloo"]
[Result "0-1"]
[WhiteElo "1230"]
[BlackElo "1663"]

1. e4 d5 2. Bb5+ c6 3. Bd3 d4 4. Nf3 c5 5. c4 e5 6. Nxe5 Nf6 7. b3 Bd6 8. f4
Bxe5 9. fxe5 Ng4 10. h3 Nxe5 11. Be2 Qh4+ 12. Kf1 Nbd7 13. Rg1 Qg3 14. Ba3 O-O
15. b4 Nd3 16. b5 Qf2# 0-1

[Event "Challenge"]
[Site "http://www.queenalice.com/game.php?id=39549"]
[Date "2005.11.24"]
[Round "-"]
[White "D_COI"]
[Black "Croftsy"]
[Result "0-1"]
[WhiteElo "1204"]
[BlackElo "1338"]

1. e4 e5 2. Nf3 Nc6 3. Bc4 Nf6 4. c3 Bc5 5. d4 exd4 6. cxd4 Bb4+ 7. Bd2 Nxe4 8.
O-O g6 9. Qe1 Qe7 10. a3 Bd6 11. Ng5 Nxd4 12. Bxf7+ Kf8 0-1